00339nam a2200145Ia 45000030006000000080041000060400015000471000015000622450024000772500006001012600049001073000006001565460014001620050017001760STCL150530s9999 xx 000 0 und d aSTCLcSTCL aNair, P.S. aSampoorna Ramayanam a5 bVidyarambham Press; Alleppeyc1995aAlleppey a0 aMalayalam20220125170655.0